000 00472nam a2200181Ia 4500
003 GCL
008 140319s9999 xx 000 0 eng d
040 _aGCL /
_cGCL
082 0 4 _aP
_b004
_bSL
100 1 _aSPRINGER VERLAG
245 1 0 _aLECTURE NOTES IN COMPUTER SCIENCE /
_cSPRINGER VERLAG
260 _a[S.N] :
_bSPRINGER - VERLAG ،
_c1993
300 _a498 P P
650 0 4 _aشعر الحرب
650 0 4 _aCRYPTOLOGY
650 0 4 _aPROCEEDINGS
942 _2ddc
_cCR
999 _c25782
_d25782